North American Sports Teams with the Same Name - Statistics

General Stats
  • This quiz has been taken 46 times
  • The average score is 9 of 10
Answer Stats
League City/State Name % Correct
NFL Football, NHL Hockey, MLB Baseball New York Jets, Rangers, Giants
100%
MLB Baseball San Francisco Giants
95%
NFL Football Carolina Panthers
93%
NHL Hockey Los Angeles Kings
91%
NBA Basketball Sacramento Kings
91%
MLB Baseball St. Louis Cardinals
91%
MLB Baseball Texas Rangers
91%
NFL Football Arizona Cardinals
86%
NHL Hockey Florida Panthers
86%
NHL Hockey Winnipeg Jets
86%
No matching quizzes found
Score Distribution
Percent of People with Each Score
Percentile by Number Answered
Your Score History
You have not taken this quiz